000 00516nam a22001817a 4500
003 CEME
005 20210628204201.0
008 210120b xxu||||| |||| 00| 0 eng d
020 _a0-7674-0503-X
040 _cceme
082 _a100 CAN
100 _aAvila , Mitchell, Furman , Todd .M
_969172
245 _aThe canon and its critics, a multi-perspective introduction to philosophy
260 _aNEW YORK
_bMAYFIELD
_c2000
300 _aX,661P
650 _aPHILOSOPHY -INTRODUCTIONS
_969173
942 _cBK
_2ddc
999 _c576555
_d576555